00402 a2200133 4500001001000000005001700010008004100027245005500068100002100123700001600144700002400160773006700184999001700251ART_1268020260410161908.0260409a 10aProject appraisal and foreign exchange constraints1 aDasgupta, Partha1 aBlitzer, C.1 aStiglitz, Joseph E.0 tThe Economic Journalg- Vol. 91, NÂș 361 (mar. 1981)wREV12512 c26573d26573